| 000 | 004400000a22001810004500 | ||
|---|---|---|---|
| 003 | LK-CoMWRAF | ||
| 005 | 20231113153159.0 | ||
| 008 | 230817t1999 ||||| |||| 00| 0 eng d | ||
| 040 |
_aLK-CoMWRAF _dLK-CoMWRAF _eLK-CoMWRAF |
||
| 041 | _aeng | ||
| 082 |
_a303.66 _bKHA |
||
| 100 | _aKhaleque, Abdul | ||
| 245 | _aPeace Police Crime and Violence | ||
| 260 |
_aDhaka: _bAuthor, _c1999 |
||
| 300 | _a164p. | ||
| 650 | _aCRIMES | ||
| 942 | _cBK | ||
| 999 |
_c2402 _d2402 |
||